| 000 | 00961nam a22003017a 4500 | ||
|---|---|---|---|
| 001 | 5162 | ||
| 003 | FISKH | ||
| 005 | 20250331092604.0 | ||
| 008 | 241108b cb ||||| |||| 00| 0 eng d | ||
| 020 | _a9780753458228 | ||
| 040 |
_aFISKH _beng _cFISKH _dFISKH |
||
| 050 | _aPZ7.W6957 | ||
| 082 | _a428.4 | ||
| 100 |
_aWilson, Jacqueline _d(1945-) |
||
| 245 |
_aMr. cool / _cJacqueline Wilson Illustrated by Stephen Lewis |
||
| 250 | _aThis edition published in 2004 | ||
| 260 |
_aMassachusetts : _bKingfisher, _c2004. |
||
| 300 |
_a47 pages : _bColor illustrations ; _c23 cm |
||
| 505 | _aJ | ||
| 520 | _aFour boys form a rock band called "Mr. Cool" that is very successful despite the fact that one of the boys is not really all that cool. | ||
| 521 | 8 |
_a430L
_bLexile |
|
| 521 | 8 |
_aJ
_bRaz-Plus |
|
| 650 |
_2Stories _aHECHO |
||
| 650 |
_2I Am Reading _aNovel |
||
| 700 |
_aLewis, Stephen _dIllustrator |
||
| 942 |
_2ddc _cBK _n0 |
||
| 999 |
_c5162 _d5162 |
||